| 000 | 00644nmm a2200241 a 4500 | ||
|---|---|---|---|
| 003 | AR-BaBNM | ||
| 005 | 20251128211002.0 | ||
| 008 | 212020s1988 ||||||||||||||000 | spa|| | ||
| 040 | _cAR-BaBNM | ||
| 100 | 1 | _aPlace, Robin | |
| 245 | 1 | 0 |
_aThe romans _bfact and fiction : adventures in Roman Britain |
| 250 | _a1ª ed. | ||
| 260 |
_aCambridge _bCambridge University Press _c1988 |
||
| 300 | 0 |
_a30 p. _bil., láms. |
|
| 650 | 4 | _aHISTORIA ANTIGUA | |
| 650 | 4 | _aCIVILIZACIONES ANTIGUAS | |
| 650 | 4 | _aTEATRO ANTIGUO | |
| 650 | 4 | _aCULTURAS EUROPEAS | |
| 650 | 4 | _aLITERATURA INFANTIL | |
| 651 | 4 | _aRoma | |
| 942 | _cBK | ||
| 998 | _cmariana | ||
| 999 |
_c17762 _d17762 |
||